Statistics for Top 10 GameBoy Advance Games

Click here to take the quiz!

General Stats

  • This quiz has been taken 11 times
  • The average score is 3 of 10

Answer Stats

YearGameScore% Correct
2002Super Mario World: Super Mario Advance 292
80%
2001Mario Kart: Super Circuit93
50%
2002The Legend of Zelda: A Link to the Past95
40%
2002Metroid Fusion92
40%
2003Super Mario Advance 4: Super Mario Bros. 394
30%
2001Advance Wars92
30%
2007Final Fantasy VI Advance92
30%
2002Yoshi's Island: Super Mario Advance 391
30%
2001Tony Hawk's Pro Skater 295
0%
2003Castlevania: Aria of Sorrow91
0%

Score Distribution

Percentile by Number Answered

Percent of People with Each Score

Your Score History

You have not taken this quiz